Statistics for New York Pro Sport Teams

Click here to take the quiz!

General Stats

  • This quiz has been taken 13,173 times
  • The average score is 8 of 10

Answer Stats

LeagueTeam% Correct
MLBNew York Yankees
95%
NFLNew York Giants
90%
NBANew York Knicks
90%
NFLNew York Jets
88%
MLBNew York Mets
86%
NBABrooklyn Nets
83%
NHLNew York Rangers
77%
NFLBuffalo Bills
72%
NHLNew York Islanders
69%
NHLBuffalo Sabres
55%

Score Distribution

Percentile by Number Answered

Percent of People with Each Score

Your Score History

You have not taken this quiz